عرض عادي عرض مارك
  • Trevor, Anthony J.

مدخل إسم شخص

عدد التسجيلات المستخدمة في: 2

001 - رقم الضبط

  • حقل الضبط: 38754

003 - معرف رقم الضبط

  • حقل الضبط: OSt

005 - تاريخ ووقت أخر عملية

  • حقل الضبط: 20131031164356.0

008 - عناصر بيانات ثابتة الطول

  • حقل تحكم ثابت الطول: 131031|||a|||||| | ||| d

040 ## - مصدر الفهرسة

  • هيئة الفهرسة الأصلية: OSt
  • وكالة الكتابة: OSt

100 ## - مدخل -- أسم شخص

  • إسم شخص: Trevor, Anthony J.

670 ## - بيانات المصدر موجوده

  • الاستشهاد بالمصدر: Work cat.: (OSt)0: Trevor, Anthony J., Katzung & Trevor's pharmacology :, c2008.